000 00854nam a22002177a 4500
003 OSt
005 20251006174202.0
008 251004b |||||||| |||| 00| 0 eng d
020 _a9589172172
040 _aCO-UdeC
_bspa
_cCO-UdeC
041 0 _aspa
082 0 4 _a711.57
_bV857
100 1 _aVives Mejía, Gustavo
245 1 0 _aInventario del patrimonio cultural de Antioquia /
_cGustavo Vives Mejía ; Prólogo, Otto Morales Benítez ; Fotografías, Guillermo Melo G.
_nVol. 3
_pColecciones Públicas de Rionegro
260 _aMedellín :
_bSecretaría de Educación y Cultura de Antioquia,
_c1996
300 _a302 p. :
_bil., fot. ;
_c24 cm
650 1 4 _aPatrimonio cultural
_xInventarios
_zAntioquia
700 1 _aMorales Benítez, Otto
_ePrólogo
700 1 _aMelo G., Guillermo
_eFotografías
942 _2ddc
_cBK
_h711.57
_iV857
_n0
999 _c2169
_d2169